=LDR 00000nam 2200000 4500 =001 NUTBA000000000000740 =005 20140401111429.0 =006 =007 =008 =035 ##$$a 0010-041400000000010 =040 ##$$a Ind =082 ##$$a 649 =090 ##$$a 649$bSob b =100 ##$$a Sobur, Alex =245 ##$$a Butir-butir mutiara rumah tangga$cAlex sobur =250 ##$$a Cet.1 =260 ##$$a Jakarta$bGunung mulia$c1985 =300 ##$$a 284 Hlm$c21 cm. =850 ##$$a NBPNMAT =990 ##$$a 00088538 =990 ##$$a 92226/BPAP-NTB/2014 =990 ##$$a 94522/BPAP-NTB/2014 =990 ##$$a 94523/BPAP-NTB/2014 =990 ##$$a 94524/BPAP-NTB/2014